|
|
|
|
| LEADER |
00000nam a22000005a 4500 |
| 001 |
vtls008850720 |
| 003 |
SK-MaSNL |
| 005 |
20260301044729.0 |
| 008 |
240313s2006 xo o g 000 0 slo |
| 015 |
|
|
|a SNBA2007/10-04610
|
| 020 |
|
|
|a 8096953710
|q (viaz.)
|
| 035 |
|
|
|a 91E1D5EA-8505-4A33-87A3-DB548B150DFE
|
| 035 |
|
|
|a urn:nbn:sk:snk-amjuuz
|
| 035 |
|
|
|a urn:nbn:sk:snk-am0084pe
|
| 040 |
|
|
|a SNK
|b slo
|c SNK
|e AACR2
|
| 041 |
0 |
|
|a slo
|b fre
|b eng
|b ger
|
| 043 |
|
|
|a e-xo---
|
| 044 |
|
|
|a xo
|c SK
|
| 072 |
|
7 |
|a 94(437)
|x Dejiny Česka a Slovenska
|2 konspekt
|
| 080 |
|
|
|a 94(437.6)
|2 2001
|
| 080 |
|
|
|a 908(437.6)
|2 2001
|
| 080 |
|
|
|a (048.8)
|2 2001
|
| 080 |
|
|
|a (084.12)
|2 2001
|
| 080 |
|
|
|a (082.2)
|2 2001
|
| 100 |
1 |
|
|a Ďurák, Tibor
|4 aut
|9 351653
|
| 245 |
1 |
0 |
|a Smrdáky 1436-2006
|b historický obraz obce
|c Tibor Ďurák ; [zost. Alexander Jiroušek]
|
| 250 |
|
|
|a 1. vyd.
|
| 260 |
|
|
|a Košice
|b Sáša
|c 2006
|
| 300 |
|
|
|a 93 s.
|b fareb. fotogr.
|c 28 cm
|
| 504 |
|
|
|a Bibliogr. s. 90
|
| 546 |
|
|
|a Resumé franc., angl., nem.
|
| 648 |
|
7 |
|a 1436-2006
|2 SNKPH
|9 351654
|
| 650 |
0 |
7 |
|a dejiny
|2 SNKPH
|9 3825
|
| 650 |
0 |
7 |
|a vlastiveda
|2 SNKPH
|9 3887
|
| 651 |
|
7 |
|a Smrdáky (Slovensko)
|2 SNKPH
|9 82459
|
| 655 |
|
7 |
|a monografie
|2 SNKPH
|9 70139
|
| 655 |
|
7 |
|a fotografické publikácie
|2 SNKPH
|9 70483
|
| 655 |
|
7 |
|a jubilejné publikácie
|2 SNKPH
|9 70339
|
| 700 |
1 |
|
|a Jiroušek, Alexander,
|d 1934-2021
|4 com
|4 pht
|9 223957
|
| 919 |
|
|
|a 80-969537-1-0
|
| 958 |
|
|
|a NB
|
| 968 |
|
|
|d 93/94
|
| 999 |
|
|
|c 596646
|d 598576
|
| 952 |
|
|
|a SNK
|b SNK
|y PREZ
|7 0
|p 17A0522644
|o snkSB 73010
|i snk2006/19377
|8 0
|0 0
|1 0
|4 0
|d 2006-09-29
|l 0
|r 2025-04-25 00:00:00
|w 2026-02-23
|
| 952 |
|
|
|a SNK
|b SNK
|y VYP
|7 0
|p 17A0522572
|o snkSB 73010 D1
|i snk2006/19378
|8 0
|0 0
|1 0
|4 0
|d 2006-09-29
|f 1
|l 0
|r 2016-06-30 00:00:00
|w 2026-02-23
|
| 952 |
|
|
|a SNK
|b SNK
|y VYP
|7 0
|p 17A0545358
|o snkSB 73010 D2
|i snk2007/7922
|8 0
|0 0
|1 0
|4 0
|d 2007-03-20
|l 0
|r 2016-06-30 00:00:00
|w 2026-02-23
|